Modelovanie pohyblivej kinematickej schémy kľukového mechanického lisu

Na minha lista:
Detalhes bibliográficos
Autor principal: Čelko, Jozef (Author)
Outros Autores: Sobota, Róbert (Thesis advisor)
Formato: Manuscrito Livro
Idioma:eslovaco
Publicado em: 2016
Assuntos:
Acesso em linha:http://is.stuba.sk/zp/portal_zp.pl?podrobnosti=105919
Tags: Adicionar Tag
Sem tags, seja o primeiro a adicionar uma tag!

MARC

LEADER 00000ntm a22000003a 4500
001 stuzp56107
003 SK-STU
005 20160719154916.5
007 ta
008 150427s2015----xo-----f-mn---000-0-slo-d
040 |a STU  |b slo 
041 0 |a slo 
100 1 |a Čelko, Jozef  |u 063000  |4 aut  |U MTF Materiálovotechnologická fakulta  |T MTF Ústav výrobných technológií  |X 71665  |U M3000  |Y 83  |7 71665 
242 0 1 |a Modelling of moving kinematic diagram of crank mechanical press  |y eng 
245 1 0 |a Modelovanie pohyblivej kinematickej schémy kľukového mechanického lisu 
260 |c 2016 
650 4 |a tvárniace stroje  |2 slo 
650 4 |a CAD systémy  |2 slo 
650 4 |a kľukový mechanický lis  |2 slo 
650 4 |a modelovanie  |2 slo 
650 4 |a CAD systems  |2 eng 
650 4 |a modeling  |2 eng 
650 4 |a crank mechanical press  |2 eng 
650 4 |a forming machines  |2 eng 
700 1 |a Sobota, Róbert  |u 063600  |k Z1  |4 ths  |U MTF Ústav výrobných technológií  |T MTF Katedra obrábania a tvárnenia  |X 3784  |U M3600  |Y 841  |7 A000003784 
856 4 |u http://is.stuba.sk/zp/portal_zp.pl?podrobnosti=105919 
996 |c M* BP-7679  |l MMSKP  |s P  |a 0  |w stuzp56107_0001 
SQL |a stuzp56107  |b DBP  |c SLO  |d Modelovanie pohyblivej kinematickej schémy kľukového mechanického lisu  |e 71665  |f Čelko, Jozef  |g 063000  |h 3784  |i Sobota, Róbert  |j 20160621  |k 174  |l 06  |m http://is.stuba.sk/zp/portal_zp.pl?podrobnosti=105919  |n B-PPT  |o 5.2.51. výrobné technológie